000 01046cam a22002771 4500
001 4390
003 BD-RjUL
005 20211208233902.0
008 131222s1954 nyu b 000 0 eng
035 _a(BD-RjUL)4425
035 _a(OCoLC)3322104
040 _aDLC
_cScU
_dScU
_dOCoLC
_dDLC
_dBD-RjUL
_beng
041 _aeng
082 _a342.733
_bHAM 1954
245 1 0 _aHamilton, Madison, and Jay on the Constitution :
_bselected from the Federalist papers /
_cEdited with an introd. by Ralph H. Gabriel.
260 _aNew York :
_bLiberal Arts Press ,
_cc1954
300 _axviii, 231 p. ;
_c20 cm.
490 0 _aThe American heritage series,
_vno. 7
504 _aBibliography; p. xvii-xviii.
650 0 _aConstitutional law
_zUnited States.
_913874
700 1 _aGabriel, Ralph Henry,
_d1890-1987,
_eed.
_913875
856 _uhttp://www.worldcat.org/title/hamilton-madison-and-jay-on-the-constitution-selected-from-the-federalist-papers/oclc/3322104&referer=brief_results
942 _2ddc
_cBK
999 _c4390
_d4390